El recurso extraordinario (Record no. 137513)

MARC details
000 -LEADER
fixed length control field 00644cam a2200193 4500
005 - DATE AND TIME OF LATEST TRANSACTION
control field 20260220132959.0
008 - FIXED-LENGTH DATA ELEMENTS--GENERAL INFORMATION
fixed length control field 260220b ag |||||||| |||| 00| 0 spa d
020 ## - INTERNATIONAL STANDARD BOOK NUMBER
International Standard Book Number 9505360266
050 04 - LIBRARY OF CONGRESS CALL NUMBER
Classification number KHA2807
Item number M6 1987
100 1# - MAIN ENTRY--PERSONAL NAME
Personal name Morello, Augusto M.
245 #3 - TITLE STATEMENT
Title El recurso extraordinario
Statement of responsibility, etc / Augusto M. Morello
250 ## - EDITION STATEMENT
Edition statement 1a ed.
260 ## - PUBLICATION, DISTRIBUTION, ETC. (IMPRINT)
Place of publication, distribution, etc La plata, Argentina :
Name of publisher, distributor, etc Librería Editorial Platense :
-- Abeledo-Perrot,
Date of publication, distribution, etc 1987
300 ## - PHYSICAL DESCRIPTION
Extent xvi, 442 p.
Dimensions 23 cm.
504 ## - BIBLIOGRAPHY, ETC. NOTE
Bibliography, etc Incluye apéndice e índice
650 #7 - SUBJECT ADDED ENTRY--TOPICAL TERM
Source of heading or term lemb
Topical term or geographic name as entry element Procedimiento civil
General subdivision Argentina
650 #7 - SUBJECT ADDED ENTRY--TOPICAL TERM
Source of heading or term lemb
Topical term or geographic name as entry element Recurso extraordinario (Derecho)
Geographic subdivision Argentina
942 ## - ADDED ENTRY ELEMENTS (KOHA)
Source of classification or shelving scheme Biblioteca del Cogreso de los Estados Unidos
Koha item type Libro
Holdings
Estado de pérdida Fuente de clasificación Estado del daño No para préstamo Ubicación permanente Ubicación actual Apartado o colección Fecha de adquisición Edición Área del conocimiento Total Checkouts Clasificación Código de Barras Date last seen Número de copia Costo por reposición Tipo de recurso
  Biblioteca del Cogreso de los Estados Unidos     Biblioteca de la Facultad de Derecho y Ciencias Sociales "Felipe J. Tena" Biblioteca de la Facultad de Derecho y Ciencias Sociales "Felipe J. Tena" General 06/08/2021 1a ed. Ciencias Sociales y Administrativas   KHA2807 M67 1987 BFD000012500 06/08/2021 1 1.00 Libro